000 00891nam a2200217Ia 4500
003 OSt
005 20241004102113.0
007 ca aa aaaaa
008 201103s9999 xx 000 0 und d
040 _cSSBUL
041 _abur
082 _223
_a၂၉၄.၃၀၇ ဇ
_b၉၂၁၇ S-SAT
100 0 _a ဇနကာဘိဝံသ၊ အရှင်
245 1 0 _aဗုဒ္ဓဘာသာသင်ခန်းစာ /
_cအရှင်ဇနကာဘိဝံသ။
250 _aဒုတိယအကြိမ်။
260 _aရန်ကုန် ၊
_bပါရမီစာပေ၊
_c၁၉၉၃။
300 _a၃၂၀ စာမျက်နှာ ၊
_bပုံများ၊
_c၂၄ စင်တီ။
500 _aS-SAT: Dr. Sai Aung Tun
650 _aဗုဒ္ဓဘာသာ
_xလေ့လာသင်ကြားခြင်း
_954855
942 _2ddc
_cBK1
999 _c16791
_d16791